000 00727nam a2200217Ii 4500
003 JO-AjNU
008 230605s9999||||xx |||||||||||||| ||und||
020 _a2-7451-3540-6
040 _aJO-AjNU
_bara
_erda
_cJO-AjNU
041 _aara
050 1 4 _aPJ7860.A37.A16 2002
100 3 _aتأليف الرافعي،مصطفى صادق,
_eauthor
_910306
245 0 0 _aرسائل الأحزان في فلسفة الجمال والحب
250 _aط1
264 3 1 _aبيروت:دار الكتب العلمية،2002
300 _a87ص
336 _atext
_btxt
_2rdacontent
337 _aunmediated
_bn
_2rdamedia
338 _avolume
_bnc
_2rdacarrier
650 4 _aالأدب العربي - الرسائل العربية
_910307
999 _aA1740
_c5308
_d5308